02683agaaa2200337 45000010005000000030009000050050017000140070009000310080040000400400023000800410013001031000055001161300017001712450174001882500022003622600093003843000034004775080163005115110085006745200940007595380016016995460013017156500063017287000071017917000077018627000067019397000069020069420012020759990019020879520239021061626IT-RoPAU20220918181226.0d cvaizq50131s9999||||xx ||| | || ||und|| aIT-RoPAUcIT-RoPAU aITALIANO aVisconti LuchinogCodice regista SPICS: 626938042 aSENSO938043 aSENSOcProdotto da: Visconti Luchino -- Sceneggiatura: Visconti Luchino Cecchi D'Amico Suso -- Diretto da: Visconti LuchinopSENSO (Rif. Codice opera principale : 21626) aEdizione Standard a(ITALIA)bLUX FILM / Distribuzione: RAIg"1954 (1° ed.: 1983 ; Ed. Lingua Orig.: 1954)" aVHSbsonoro, col.c120 minuti a"Fotografia: Aldo G.R.; Musica: Bruckner Joseph Anton; Sceneggiatura: Visconti Luchino Cecchi D'Amico Suso; Soggetto: Visconti Luchino -- Cecchi D'Amico Suso" a"Granger Farley; Valli Alida; Girotti Massimo; Morelli Rina; Marquand Christian" aA VENEZIA ALLA VIGILIA DELLA BATTAGLIA DI CUSTOZA UNA PATRIZIA VENETA LA CONTESSA LIVIA SERPIERI MOGLIE DI UN AUSTRIACANTE MA ARDENTE DI ZELO PATRIOTTICO SI INNAMORA DI UN GIOVANE UFFICIALE AUSTRIACO FRANZ MAHLER L'AMORE DIVENTA BEN PRESTO PASSIONE E NON TARDA A PRIVARLA DI OGNI DIGNITA' FRANZ E' UN INDIVIDUO EQUIVOCO E VILE FINGE DI AMARE LIVIA MIRA IN REALTA' SOLO AL SUO DENARO PERCHE' NE HA BISOGNO PER PAGARE UN MEDICO E FARSI ESONERARE DAL SERVIZIO MILITARE LIVIA E' COSI' CIECA CHE NON SI ACCORGE DI NULLA E QUANDO LUI LE CHIEDE IL DENARO LEI NON ESITA A DARGLI QUELLO CHE I PATRIOTI ITALIANI LE AVEVANO CONFIDATO PER LE SPESE DI GUERRA FRANZ AVUTO QUELLO CHE VOLEVA NON SI FA PIU' VIVO CON LIVIA MA LEI SI METTE SULLE SUE TRACCE E LO RAGGIUNGE L'INCONTRO E' TERRIBILE LIVIA FUORI DI SE' CORRE AL COMANDO AUSTRIACO E RIVELA CON QUALE INGANNO FRANZ ERA RIUSCITO A FARSI ESONERARE IL GIOVANE E' FUCILATO E LIVIA PERDE LA RAGIONE aPAL, STEREO aITALIANO aDRAMMATICOeFILMS [VHS]xCodice MATERIA SPICS: 9960934083 aBruckner Joseph Antone(musica)gCodice Musica SPICS: 10727938044 aCecchi D'Amico Suso e(soggetto)gCodice Soggetto 2° SPICS: 7581938045 aVisconti Luchino e(regista)gCodice regista SPICS: 626938046 aVisconti Luchino e(soggetto)gCodice Soggetto SPICS: 626938047 cVH2ddc c104856d104856 001040621626_00000000000000071aSPICSbSPICSd2015-01-31l0o21626r2015-01-31 00:00:00w2015-01-31yVHzProgr. Ins.: 1422 / N.Vol.:1 / Copie: 1 / Pag.: / Copia rara: n.d. / date import: 1.2.2015 / By Epidotti, Trombetti, Vaglietti